Statistics for Countries With The Least Crime

Click here to take the quiz!

General Stats

  • This quiz has been taken 70 times
  • The average score is 3 of 9

Answer Stats

Crime RateCountry% Correct
15.91Japan
70%
21.18Switzerland
60%
16.22Taiwan
41%
9.30Qatar
38%
15.52United Arab Emirates
29%
21.55Oman
21%
22.01Slovenia
6%
20.78Armenia
2%
20.18Georgia
2%

Score Distribution

Percentile by Number Answered

Percent of People with Each Score

Your Score History

You have not taken this quiz